| 000 | 01528nam0a2200325 4500 | ||
|---|---|---|---|
| 001 | RU\NLR\BIBL_A\012391647 | ||
| 005 | 20250624023720.0 | ||
| 035 | _a(NLR Aleph) 012391647 | ||
| 090 |
_a11679462 _c11679462 |
||
| 100 | _a20201029d1917 |||y0rusy50 ca | ||
| 101 | 0 | _arus | |
| 102 | _aRU | ||
| 105 | _ay z 000zy | ||
| 181 | 0 |
_ai _baxxe |
|
| 182 | 0 | _an | |
| 200 | 1 |
_aРасписание зимних рейсов вдоль Мурманского берега и по Мотовскому заливу в 1917/18 г.г. _fТоварищество Архангельско-Мурманского срочного пароходства |
|
| 203 |
_aТекст _bвизуальный _cнепосредственный |
||
| 210 |
_a[Архангельск] _cАрх. Губ. Тип. _d1917 |
||
| 215 |
_a1 с. _d36x45 |
||
| 517 | 1 | _aРосписание зимних рейсов вдоль Мурманского берега и по Мотовскому заливу в 1917/18 г.г. | |
| 601 | 0 | 2 |
_aМурманское морское пароходство _91727335 _3RU\NLR\AUTH\66771557 |
| 606 | 1 |
_aМорской транспорт _xРасписания _yРоссия _z1917 _92465055 _3RU\NLR\AUTH\6601681770 |
|
| 686 | 3 | _aО486.023 | |
| 710 | 0 | 2 |
_aАрхангельско-Мурманское срочное пароходство _9600890 _3RU\NLR\AUTH\880469491 |
| 852 |
_aNLR _j37.55.1.406 |
||
| 942 | _cBOOK | ||
| 980 | _aNB | ||